船橋市内にある駅 - Statistics

General Stats
  • This quiz has been taken 63 times
  • The average score is 21 of 30
Answer Stats
路線名 駅名 % Correct
総武本線/武蔵野線/京葉線/東京メトロ東西線/東葉高速鉄道東葉高速線 西船橋
100%
総武本線/東武野田線 船橋
100%
総武本線 東船橋
98%
京葉線 南船橋
96%
京成本線 京成船橋
84%
京成本線 船橋競馬場
82%
京成本線 京成西船
80%
武蔵野線 船橋法典
80%
総武本線 下総中山
76%
京成本線 海神
72%
東葉高速鉄道東葉高速線 船橋日大前
72%
東葉高速鉄道東葉高速線 飯山満
70%
東葉高速鉄道東葉高速線 東海神
70%
東武野田線 新船橋
68%
京成本線 大神宮下
66%
京成松戸線 習志野
66%
京成松戸線/東葉高速鉄道東葉高速線 北習志野
64%
東京メトロ東西線 原木中山
64%
京成松戸線 高根公団
62%
京成松戸線 薬園台
60%
京成松戸線 高根木戸
58%
京成本線 東中山
58%
京成本線 京成中山
56%
京成松戸線 前原
56%
京成松戸線 二和向台
54%
東武野田線 馬込沢
52%
京成松戸線 三咲
50%
京成松戸線 滝不動
48%
東武野田線 塚田
46%
北総鉄道北総線 小室
42%
No matching quizzes found
Score Distribution
Percent of People with Each Score
Percentile by Number Answered
Your Score History
You have not taken this quiz